000 00284nam a2200145Ia 4500
100 _aTimoshenko.
942 _cBK
654 _aDynamics.
245 _aAdvanced Dynamics.
260 _bMcGraw Hill
_c2001
082 _a620.104
300 _a400
546 _aENGLISH
999 _c19527
_d19527